000 00853nam a22002891c 4500
001 bt000003950
008 090512s1992 gw |||| 000u ger d
020 _a3412065919
_93-412-06591-9
041 _ager
100 1 _aKoltes, Manfred
245 0 4 _aDas Rheinland zwischen Frankreich und Preußen :
_bStudien zu Kontinuität und Wandel am Beginn der preußischen Herrschaft (1814 - 1822)
264 _aKöln [u.a.] :
_bBöhlau,
_c1992
300 _a547 S.
502 _aZugl.: Trier, Univ., Diss., 1990
650 0 _aNapoleonische Kriege
650 0 _aWiener Kongreß
650 0 _aKatholische Kirche
651 0 _aKöln
651 0 _aBonn
651 0 _aKoblenz
651 0 _aTrier
655 0 _aHochschulschrift
942 _cMG
040 _cRU-10907106
003 RU-10907106
999 _c18425
_d18425
490 0 _aDissertationen zur neueren Geschichte
_v22